Spell Out All Numbers 1-15 in 15 Seconds - Statistics

General Stats
  • This quiz has been taken 182 times
  • The average score is 11 of 15
Answer Stats
Number % Correct
One
100%
Two
97%
Four
96%
Three
96%
Five
94%
Six
93%
Seven
92%
Eight
87%
Nine
82%
Ten
79%
Eleven
66%
Twelve
60%
Thirteen
40%
Fourteen
27%
Fifteen
22%
No matching quizzes found
Score Distribution
Percent of People with Each Score
Percentile by Number Answered
Your Score History
You have not taken this quiz